000
00292nam a2200097Ia 4500
008
220204s9999 xx 000 0 und d
082
_a
338.26(73)
_b
ROC
245
0
_a
Rockfeller foundation President's five year review and annual report 1968
260
_a
New York
_b
Rockfeller
_c
1969
942
_c
BK
999
_c
21920
_d
21920